La prevención de dificultades en el aprendizaje de la lecto escritura: el método mapal

Gespeichert in:
Bibliographische Detailangaben
1. Verfasser: Jiménez, Jaime M (VerfasserIn)
Format: Buch
Sprache:Spanisch
Veröffentlicht: Madrid CEPE 1989
Ausgabe:4a. ed
Schriftenreihe:Colección Educación Especial, 13
Schlagworte:
Tags: Tag hinzufügen
Keine Tags, Fügen Sie den ersten Tag hinzu!

MARC

LEADER 00000nam a2200000 a 4500
001 UCQ9664
003 CL-VaPUC
008 990112e19890000SP |||||||||||||||||spa|d
082 0 4 |a 371.914  |b JIM  |2 21 
100 |a Jiménez, Jaime M  |e author  |9 424365 
245 1 3 |a La prevención de dificultades en el aprendizaje de la lecto escritura: el método mapal 
250 |a 4a. ed 
300 |a 286 p 
942 |c BK 
945 |d 19990112 00:00:00  |a aarredon 
260 |a Madrid  |b CEPE  |c 1989 
650 0 |a Educación especial  |9 307486 
650 0 |a Trastornos del aprendizaje  |9 307969 
650 0 |a Métodos de enseñanza  |9 270413 
650 7 |a ENSEÑANZA CORRECTIVA  |2 CL-VaPUC  |9 310280 
650 7 |a MADUREZ PARA EL APRENDIZAJE  |2 CL-VaPUC  |9 424366 
650 7 |a EDUCACION PSICOMOTRIZ  |2 CL-VaPUC  |9 307559 
583 |a last modification  |c 19990112 00:00:00  |k Rodrigo Vera 
490 0 |a Colección Educación Especial, 13 
999 |c 278652  |d 278650 
952 |0 0  |1 0  |4 0  |6 371_914000000000000_JIM_1989  |7 0  |8 A  |9 317338  |a BIBEDU  |b BIBEDU  |d 2019-11-20  |i 3494144  |o 371.914 JIM 1989  |p 3494144  |r 2019-11-20  |w 2019-11-20  |y BK  |k BME